000 00711nam a22001937a 4500
005 20251108173138.0
008 250721s2002 xx 000 0 ara d
082 1 4 _aق/ سلط
100 1 _aالسلطاني، محمد عدنان
245 1 0 _aقصص للجميع : جوهرة الشيخ عمر /
246 1 3 _aجوهرة الشيخ عمر- الراعية و الأمير -الفارس كمال- الحقيبة النادرة- ظهور التنين-الأفول
264 1 _aدمشق :
_bدار العصماء،
_c2002.
300 _a141ص.
650 1 7 _aالأدب العربي
650 1 7 _aالقصص
700 1 _aسلطاني، محمد علي
_eمراجع
942 _2ddc
_cBK
999 _c97089
_d97089